00210pam a2200097 a 4500020000500000041000800005100001600013245004800029260002500077300001000102 c aeng aAnne Frank. aThe Diary Of A Yong GirlhTextual Documents a[s.l]:bPoclab Books a235p.